Исследование кинетики термического разложения фракций торфа с различной степенью минерализации; Энергосбережение и инновационные технологии в топливно-энергетическом комплексе; Т. 2
| Parent link: | Энергосбережение и инновационные технологии в топливно-энергетическом комплексе: материалы Национальной c международным участием научно-практической конференции студентов, аспирантов, ученых и специалистов, посвященной 20-летию создания кафедры электроэнергетики, 18-20 Декабря 2019, Тюмень/ Тюменский индустриальный университет.— , 2019 Т. 2.— 2019.— [С. 13-16] |
|---|---|
| 1. Verfasser: | |
| Körperschaft: | |
| Weitere Verfasser: | |
| Zusammenfassung: | Заглавие с экрана Целью работы является исследование кинетики пиролиза торфа методом Фридмана после его седиментационного разделения. Получены значения энергии активации пиролиза для фракций из торфа с различной плотностью. Режим доступа: по договору с организацией-держателем ресурса |
| Sprache: | Russisch |
| Veröffentlicht: |
2019
|
| Schlagworte: | |
| Online-Zugang: | https://elibrary.ru/item.asp?id=42607376 |
| Format: | Elektronisch Buchkapitel |
| KOHA link: | https://koha.lib.tpu.ru/cgi-bin/koha/opac-detail.pl?biblionumber=662716 |
MARC
| LEADER | 00000naa0a2200000 4500 | ||
|---|---|---|---|
| 001 | 662716 | ||
| 005 | 20250812140249.0 | ||
| 035 | |a (RuTPU)RU\TPU\network\33871 | ||
| 035 | |a RU\TPU\network\27924 | ||
| 090 | |a 662716 | ||
| 100 | |a 20200925d2019 k||y0rusy50 ca | ||
| 101 | 0 | |a rus | |
| 102 | |a RU | ||
| 135 | |a drnn ---uucaa | ||
| 181 | 0 | |a i | |
| 182 | 0 | |a b | |
| 200 | 1 | |a Исследование кинетики термического разложения фракций торфа с различной степенью минерализации |f Д. Б. Алтынбаева, Р. Б. Табакаев | |
| 203 | |a Текст |c электронный | ||
| 300 | |a Заглавие с экрана | ||
| 320 | |a [Библиогр.: 3 назв.] | ||
| 330 | |a Целью работы является исследование кинетики пиролиза торфа методом Фридмана после его седиментационного разделения. Получены значения энергии активации пиролиза для фракций из торфа с различной плотностью. | ||
| 333 | |a Режим доступа: по договору с организацией-держателем ресурса | ||
| 461 | |t Энергосбережение и инновационные технологии в топливно-энергетическом комплексе |o материалы Национальной c международным участием научно-практической конференции студентов, аспирантов, ученых и специалистов, посвященной 20-летию создания кафедры электроэнергетики, 18-20 Декабря 2019, Тюмень |o в 2 т. |f Тюменский индустриальный университет |d 2019 | ||
| 463 | |t Т. 2 |v [С. 13-16] |d 2019 | ||
| 610 | 1 | |a электронный ресурс | |
| 610 | 1 | |a труды учёных ТПУ | |
| 610 | 1 | |a пиролиз | |
| 610 | 1 | |a торф | |
| 610 | 1 | |a кинетика | |
| 700 | 1 | |a Алтынбаева |b Д. Б. |g Дарига Бахитжановна | |
| 701 | 1 | |a Табакаев |b Р. Б. |c специалист в области теплоэнергетики |c научный сотрудник Томского политехнического университета, кандидат наук |f 1986- |g Роман Борисович |3 (RuTPU)RU\TPU\pers\29598 |9 14133 | |
| 712 | 0 | 2 | |a Национальный исследовательский Томский политехнический университет |b Инженерная школа энергетики |b Научно-образовательный центр И. Н. Бутакова (НОЦ И. Н. Бутакова) |3 (RuTPU)RU\TPU\col\23504 |
| 801 | 2 | |a RU |b 63413507 |c 20200925 |g RCR | |
| 856 | 4 | |u https://elibrary.ru/item.asp?id=42607376 | |
| 942 | |c CF | ||